Library Banner

Gender, sexuality and mothering in Africa / (Record no. 107648)

MARC details
000 -LEADER
fixed length control field 00813cam a22002534a 4500
001 - CONTROL NUMBER
control field 16776032
005 - DATE AND TIME OF LATEST TRANSACTION
control field 20180922085213.0
008 - FIXED-LENGTH DATA ELEMENTS--GENERAL INFORMATION
fixed length control field 110512s2011 njua b 001 0 eng
020 ## - INTERNATIONAL STANDARD BOOK NUMBER
International Standard Book Number 9781592218615
020 ## - INTERNATIONAL STANDARD BOOK NUMBER
International Standard Book Number 159221861X
020 ## - INTERNATIONAL STANDARD BOOK NUMBER
International Standard Book Number 9781592218622 (pbk.)
020 ## - INTERNATIONAL STANDARD BOOK NUMBER
International Standard Book Number 1592218628 (pbk.)
040 ## - CATALOGING SOURCE
Transcribing agency PK-LaUMT
082 00 - DEWEY DECIMAL CLASSIFICATION NUMBER
Classification number 306.87430967
Edition number 23
Item number GEN-
245 00 - TITLE STATEMENT
Title Gender, sexuality and mothering in Africa /
Statement of responsibility, etc edited by Toyin Falola and Bessie House-Soremekun
260 ## - PUBLICATION, DISTRIBUTION, ETC. (IMPRINT)
Place of publication, distribution, etc Trenton, NJ :
Name of publisher, distributor, etc Africa World Press,
Date of publication, distribution, etc 2011
300 ## - PHYSICAL DESCRIPTION
Extent xxix, 329 p. :
Other physical details ill. ;
Dimensions 22 cm.
650 #0 - SUBJECT ADDED ENTRY--TOPICAL TERM
Topical term or geographic name as entry element Women
Geographic subdivision Africa
General subdivision Social conditions.
Geographic subdivision Women
-- Africa
General subdivision Social conditions.
650 #0 - SUBJECT ADDED ENTRY--TOPICAL TERM
Topical term or geographic name as entry element Sex role
Geographic subdivision Africa.
650 #0 - SUBJECT ADDED ENTRY--TOPICAL TERM
Topical term or geographic name as entry element Motherhood
Geographic subdivision Africa.
700 1# - ADDED ENTRY--PERSONAL NAME
Personal name Falola, Toyin.
700 1# - ADDED ENTRY--PERSONAL NAME
Personal name House-Soremekun, Bessie,
942 ## - ADDED ENTRY ELEMENTS (KOHA)
Koha item type Books
Holdings
Withdrawn status Lost status Damaged status Home library Current library Date acquired Full call number Barcode Date last seen Price effective from Koha item type
      UMT Main Campus UMT Main Campus 2018-09-22 306.87430967 GEN- 124599 2018-12-10 2018-09-22 Books